banner-ar

نحو حرب دينية: جدل العصر / (Record no. 50422)

MARC details
000 -الفاتح
حقل البيانات ثابتة الطول 00721nam a2200229Ia 4500
008 - عناصر البيانات ثابتة الطول - معلومات عامة
حقل البيانات ثابتة الطول 140319s9999 xx 000 0 ara d
040 ## - مصدر الفهرسة
وكالة الفهرسة الأصلية GCL /
وكالة النسخ GCL
082 04 - رقم تصنيف ديوى العشرى
رقم التصنيف 214.27
رقم المادة ج ن
100 1# - المدخل الرئيسى - إسم شخصى
الإسم الشخصى جارودى، روجيه
245 10 - بيان العنوان
العنوان نحو حرب دينية: جدل العصر /
بيان المسئوليه,etc جارودى، روجيه
700 1# - المدخل الاضافى - اسم شخصى
الإسم الشخصى صياح الجهيم
700 1# - المدخل الاضافى - اسم شخصى
الإسم الشخصى بوف، ليونارد
300 ## - الوصف المادى
التعداد 200 ص
490 ## - بيان السلسلة
عنوان السلسلة الهيئة العامة للاستعلامات
رقم المجلد/ التعيين التسلسلي 0
650 04 - المدخل الاضافى بالموضوع-مصطلح موضوعى
مصطلح موضوعي الاسلام
650 04 - المدخل الاضافى بالموضوع-مصطلح موضوعى
مصطلح موضوعي الاسلام والمسيحية
650 04 - المدخل الاضافى بالموضوع-مصطلح موضوعى
مصطلح موضوعي الاشتراكية
650 04 - المدخل الاضافى بالموضوع-مصطلح موضوعى
مصطلح موضوعي الثقافة الاسلامية
650 04 - المدخل الاضافى بالموضوع-مصطلح موضوعى
مصطلح موضوعي الاسلام - اوروبا
942 ## - عناصر المدخل الإضافي( كوها)
مصدر التصنيف او مخطط الترفيف Dewey Decimal Classification
Koha [default] item type كتاب
Holdings
حالة التراجع حالة الفقد حالة تلف ليس للاعارة المكان المؤقت الموقع الحالى تاريخ الاكتساب اجمالي اﻻعارات رقم الطلب الباركود تاريخ اخر مشاهدة تاريخ تفعيل السعر نوع وعاء كوها
        مكتبة القاهرة الكبرى مكتبة القاهرة الكبرى 03/26/2014   214.27\ج ن 120973 03/26/2014 03/26/2014 كتاب

Powered By

EGPV